| 000 | 03009nam a2200277 i 4500 | ||
|---|---|---|---|
| 001 | 10482 | ||
| 003 | ES-MaACL | ||
| 005 | 20230906145910.0 | ||
| 007 | t| | ||
| 008 | 950705m19952009sp ||||1| spa d | ||
| 020 | _a84-920774-2-5 | ||
| 080 | _a929(031) | ||
| 100 | 1 |
_aMogrobejo, Endika de. _981788 |
|
| 245 | 1 | 0 |
_aDiccionario hispanoamericano de heráldica, onomástica y genealogía / _cEndika Mogrobejo ; con la colaboración de Aitziber, Iranzu y Garikoitz de Mogrobejo-Zabala. |
| 260 |
_aBilbao : _bEditorial Mogrobejo-Zabala, _c[1995-<2013>] |
||
| 300 |
_av. : _bil. ; _c28 cm. |
||
| 500 | _aAdición al "Diccionario heráldico y genealógico de apellidos españoles y americanos", por Alberto y Arturo García Carraffa. | ||
| 500 | _aLos vols. 1 a 15 contienen desde el apellido Urriza hasta la letra Z. A partir del vol. XVI(I) comienza la letra A. | ||
| 505 | 8 | _aContiene: I : Urriza-Urtusaustegui-- II : Uruburu-Valcarcel-- III : Valcarcua-Valenzuela-- IV : Valeñani-Vallejo-- V : Vallejoller-Vargas-- VI : Varillas-Velázquez-- VII : Veldani-Vergara-- VIII : Vergas-Vilacorba-- IX Vilach-Villaloin-- X : Villalomez-Villavente-- XI : Villavedeo-Vitorica-- XII : Víu-Yezarbe-- XIII : Yoan-Zamora-- XIV : Zamorano-Zorroza-- XV : Zorrozaga-Zuzuarregui -- XVI(I) : Aanda-Aguirrazu -- XVII(II) : Aguirre-Alemán -- XVIII(III) : Alemparte-Amboage -- XIX(IV) : Ambram-Aragon -- XX(V) : Aragoncillo-Ariarte -- XXI(VI) : Arias-Arroitia -- XXII (VII) : Arrojo-Atuelles -- XXIII (VIII) : Atxer-Aznáriz -- XXIV (IX) : Azo-Barahona -- XXV (X) : Baraibar-Bascuñana -- XXVI (XI) : Base-Benita -- XXVII (XII) : Benitez-Bey -- XXVIII (XIII) : Beyan-Bonillo -- XXIX (XIV) : Bonin-Buforn -- XXX (XV) : Bugallal-Cachot -- XXXI (XVI) : Cachurro-Campmany -- XXXII(XVII): Campo-Carbajo -- XXXIII (XVIII): Carbajosa-Carrilero -- XXXIV (XIX): Carrillo-Castaños -- XXXV(XX): Castao-Cazurro -- XXXVI(XXI): Cea-Cezon -- XXXVII(XXII): Cia-Colom -- XXXVIII(XXIII): Coloma-Corraiz -- XXXIX (XXIV): Corral-Cuader -- XL(XXV): Cuadra-Chirinos -- XLI(XXVI): Chirivella-Diaz -- XLII(XXVII): Díaz de Arcaute-Dugiols -- XLIII (XXVIII): Duhart-Elizondo --XLIV(XXIX): Elmas-Escorial - XLV(XXX): Escoriaza-Ezabal - XLVI(XXXI): Ezama-Fernández -- XLVII(XXXII): Fernández-Florez -- XLVIII(XXXIII): Flori-Fustiñana -- IL(XXXIV): Gabacho-Garavito -- L(XXXV): Garay-García del Busto -- LI(XXXVI): García Caballero-Garvey -- LII(XXXVII): Garvia-Godinez -- LIII (XXXVIII): Godino-González -- LIV (XXXIX): González-González del Valle -- LV (XL): González Vallejo-Guerbillano -- LVI (XLI): Guereca-Gutris -- LVII (XLII): Guzmán-Hervás -- LVIII (XLIII): Hervias-Iborra -- LVIX (XLIV): Ibort-Ituño -- LX (XLV): Iturain-Jubero | |
| 650 | 1 | 4 |
_aHeráldica- _vDiccionarios. _913316 |
| 650 | 1 | 4 |
_aGenealogía- _vDiccionarios. _913047 |
| 700 | 1 |
_aMogrobejo-Zabala, Aitziber. _981789 |
|
| 700 | 1 |
_aMogrobejo-Zabala, Irantzu. _981791 |
|
| 700 | 1 |
_aMogrobejo-Zabala, Garikoitz. _981790 |
|
| 852 |
_aES-MaACL _jJ-58 bis _bR.124002 |
||
| 999 |
_c10482 _d10482 |
||